| 000 | 00728cab a2200229 4500 | ||
|---|---|---|---|
| 001 | ABS45263 | ||
| 008 | 090401t1991 xxu||||| |||| 00| 0 eng d | ||
| 035 | _a(Sirsi) u51918 | ||
| 041 | _aeng | ||
| 100 | _aAdams, J. | ||
| 245 | _aRights of Access to Neighbouring Land Bill | ||
| 260 | _c1991 | ||
| 350 | _a0 | ||
| 490 |
_aEstates Gazette _v(9137) 21 September 1991, 130-158(3) |
||
| 520 | _aDiscusses the Rights of Access to Neighbouring Land Bill examining its provisions and several problems that enactment in its present form would create. | ||
| 650 | _aACCESS ORDERS | ||
| 650 | _aLEGISLATION | ||
| 650 | _aRIGHTS OF WAY | ||
| 690 | _aHIGHWAYS RIGHTS OF WAY AND EASEMENTS | ||
| 942 | _n0 | ||
| 948 | _c04/03/1997 | ||
| 999 |
_c32209 _d32209 |
||